000 00665nam a2200205Ii 4500
003 JO-AjNU
008 230605s9999||||xx |||||||||||||| ||und||
040 _aJO-AjNU
_bara
_erda
_cJO-AjNU
041 _aara
050 1 4 _aPJ6101.I27
100 3 _aالعقيلي، بهاء الدين بن عقيل ؛ تحقيق ح. الفاخوري,
_eauthor
_926470
245 0 0 _aشرح ابن عقيل
250 _aط1
264 3 1 _aبيروت: دار الجيل،د.ت
300 _aج1، 520ص
336 _atext
_btxt
_2rdacontent
337 _aunmediated
_bn
_2rdamedia
338 _avolume
_bnc
_2rdacarrier
650 4 _aاللغة العربية -- النحو
_926471
999 _aA10033
_c13601
_d13601